=LDR 00000nam 2200000 4500 =001 INLIS000000000044623 =005 20240531095700 =035 ##$$a 0010-101300000002545 =008 240531################g##########0#ind## =041 ##$$a Ind =082 ##$$a 813 =090 ##$$a 813 , Sek a =100 ##$$a Sekar, Dewie =245 1#$$a Alita @ Heart , /$c Dewie Sekar =260 ##$$a Jakarta :$b Gramedia pustaka utama,$c 2011 =300 ##$$a 446 hal ; $c 20 cm =850 ##$$a NBPNMAT =020 ##$$a 978-979-22-6624-5 =084 ##$$a 813 SEK a =990 ##$$a 0001/BPAP-NTB/20142015 =990 ##$$a 0001/BPAP-NTB/20142015 =990 ##$$a 0001/BPAP-NTB/2016 =990 ##$$a 21112639 =990 ##$$a 0001/BPAP-NTB/20142015 =990 ##$$a 0001/BPAP-NTB/2016